Las consecuencias de la crisis en la juventud hondureña/

Wedi'i Gadw mewn:
Manylion Llyfryddiaeth
Prif Awdur: Molina Chocano, Guillermo
Awduron Corfforaethol: CEPREP, CELAJU, CLACSO, FLACSO, UCR, CEDAL
Fformat: Texto
Cyhoeddwyd: Tegucigalpa: Centro de Estudios y Promoción del Desarrollo
Tagiau: Ychwanegu Tag
Dim Tagiau, Byddwch y cyntaf i dagio'r cofnod hwn!

MARC

LEADER 00000 a a2200000 04500
001 24021
003
040
090 |a 171000  
100 |a Molina Chocano, Guillermo  
110 |a CEPREP  
245 |a Las consecuencias de la crisis en la juventud hondureña/   |c CEPREP  
260 |a Tegucigalpa:   |b Centro de Estudios y Promoción del Desarrollo  
300 |a 41 p.   |b **no definido**  
710 |a CELAJU  
710 |a CLACSO  
710 |a FLACSO  
710 |a UCR  
710 |a CEDAL  
999 |c 16332  |d 16332